[Event "WYCC U18 Open 2019"]
[Site "Mumbai"]
[Date "2019.10.05"]
[Round "5.16"]
[White "Kizatbay, Abyl"]
[Black "Manu David Suthandram R"]
[Result "*"]
[WhiteElo "2160"]
[BlackElo "2403"]
[Annotator "ChessBase"]
[PlyCount "29"]
[EventDate "2019.10.02"]
[EventType "swiss"]
[EventCountry "IND"]
[SourceTitle "playchess.com"]
[Source "ChessBase"]
[SourceQuality "1"]
[TimeControl "40/5400+30:1800+30"]

1. e4 {[%emt 0:00:00]} c5 {[%emt 0:00:00]} 2. Nf3 {[%emt 0:00:00]} Nc6 {[%emt 0:00:00]} 3. Bb5 {[%emt 0:00:07]} e6 {[%emt 0:00:07]} 4. O-O {[%emt 0:00:22]} Nge7 {[%emt 0:01:19]} 5. Re1 {[%emt 0:00:11]} a6 {[%emt 0:01:49]} 6. Bf1 {[%emt 0:01:02]} g6 {[%emt 0:00:36]} 7. c3 {[%emt 0:04:21]} Bg7 {[%emt 0:00:37]} 8. d4 {[%emt 0:00:05]} cxd4 {[%emt 0:04:31]} 9. cxd4 {[%emt 0:00:06]} d6 {[%emt 0:01:44]} 10. Nc3 {[%emt 0:10:52]} O-O {[%emt 0:04:58]} 11. Bg5 {[%emt 0:07:30]} h6 {[%emt 0:13:49]} 12. Be3 {[%emt 0:08:39]} d5 {[%emt 0:09:31]} 13. e5 {[%emt 0:08:54]} Nf5 {[%emt 0:00:19]} 14. h3 {[%emt 0:17:39]} Bd7 {[%emt 0:03:15]} 15. Bc1 {[%emt 0:05:19]} *